JavaScript : (Record no. 201)

MARC details
000 -LEADER
fixed length control field 01029cam a2200337 a 4500
001 - CONTROL NUMBER
control field 4463163
005 - DATE AND TIME OF LATEST TRANSACTION
control field 20200421093822.0
008 - FIXED-LENGTH DATA ELEMENTS--GENERAL INFORMATION
fixed length control field 110113s2006 cc a 001 0 eng d
015 ## - NATIONAL BIBLIOGRAPHY NUMBER
National bibliography number GBA625253
Source bnb
020 ## - INTERNATIONAL STANDARD BOOK NUMBER
International Standard Book Number 9780596101992 (pbk) :
Terms of availability No price
020 ## - INTERNATIONAL STANDARD BOOK NUMBER
International Standard Book Number 0596101996 (pbk) :
Terms of availability No price
035 ## - SYSTEM CONTROL NUMBER
System control number (UkCU)4403465
035 ## - SYSTEM CONTROL NUMBER
System control number (Uk)013408882
035 ## - SYSTEM CONTROL NUMBER
System control number 1329111
040 ## - CATALOGING SOURCE
Original cataloging agency StDuBDS
Modifying agency UkCU
-- Uk
042 ## - AUTHENTICATION CODE
Authentication code ukscp
082 04 - DEWEY DECIMAL CLASSIFICATION NUMBER
Classification number 005.71262
Edition information 22
100 1# - MAIN ENTRY--PERSONAL NAME
Personal name Flanagan, David.
9 (RLIN) 378
245 10 - TITLE STATEMENT
Title JavaScript :
Remainder of title the definitive guide /
Statement of responsibility, etc. David Flanagan ; [editor, Debra Cameron]
250 ## - EDITION STATEMENT
Edition statement 5th ed.
260 ## - PUBLICATION, DISTRIBUTION, ETC.
Place of publication, distribution, etc. Beijing ;
-- Cambridge :
Name of publisher, distributor, etc. O'Reilly,
Date of publication, distribution, etc. c2006.
300 ## - PHYSICAL DESCRIPTION
Extent xxii, 994 p. :
Other physical details ill. ;
Dimensions 24 cm.
500 ## - GENERAL NOTE
General note Previous ed.: 2002.
500 ## - GENERAL NOTE
General note Includes index.
500 ## - GENERAL NOTE
General note Formerly CIP.
Institution to which field applies Uk
650 #0 - SUBJECT ADDED ENTRY--TOPICAL TERM
Topical term or geographic name entry element JavaScript (Computer program language)
9 (RLIN) 379
650 #0 - SUBJECT ADDED ENTRY--TOPICAL TERM
Topical term or geographic name entry element Web servers.
9 (RLIN) 900
650 #0 - SUBJECT ADDED ENTRY--TOPICAL TERM
Topical term or geographic name entry element Object-oriented programming (Computer science)
700 1# - ADDED ENTRY--PERSONAL NAME
Personal name Cameron, Debra.
9 (RLIN) 380
942 ## - ADDED ENTRY ELEMENTS (KOHA)
Source of classification or shelving scheme Dewey Decimal Classification
Koha item type Books
Holdings
Withdrawn status Lost status Damaged status Not for loan Collection Home library Current library Shelving location Date acquired Barcode Date last seen Price effective from Koha item type
        Reference Centerville Centerville General stacks 09/04/2014 39999000008470 09/04/2014 09/04/2014 Books
        Reference Centerville Centerville General stacks 09/04/2014 39999000008494 09/04/2014 09/04/2014 Books